101 truyện ngắn hay Việt Nam

Uloženo v:
Podrobná bibliografie
Médium: Kniha
Jazyk:Undetermined
Vydáno: Hà Nội Hội Nhà văn 2003
Témata:
Tagy: Přidat tag
Žádné tagy, Buďte první, kdo otaguje tento záznam!
Thư viện lưu trữ: Trung tâm Học liệu Trường Đại học Cần Thơ
LEADER 00568nam a2200181Ia 4500
001 CTU_64631
008 210402s9999 xx 000 0 und d
020 |b 50000 
082 |a 895.922301 
082 |b M458/T.2 
245 0 |a 101 truyện ngắn hay Việt Nam 
245 0 |c Ngô Văn Phú, Lê MInh Khuê, Nguyễn Thị Anh Thư (tuyển chọn) 
260 |a Hà Nội 
260 |b Hội Nhà văn 
260 |c 2003 
650 |a Short stories, vietnamese 
904 |i Tuyến 
980 |a Trung tâm Học liệu Trường Đại học Cần Thơ